Seidel's guide to physical examination : (Record no. 171282)

MARC details
000 -LEADER
fixed length control field 01230nam a22003257a 4500
003 - CONTROL NUMBER IDENTIFIER
control field OSt
005 - DATE AND TIME OF LATEST TRANSACTION
control field 20250416110758.0
008 - FIXED-LENGTH DATA ELEMENTS--GENERAL INFORMATION
fixed length control field 250217b |||||||| |||| 00| 0 eng d
020 ## - INTERNATIONAL STANDARD BOOK NUMBER
International Standard Book Number 9780323481953 (hardcover)
040 ## - CATALOGING SOURCE
Original cataloging agency NUST
Language of cataloging eng
Transcribing agency NUST
Modifying agency NUST
Description conventions rda
050 ## - LIBRARY OF CONGRESS CALL NUMBER
Classification number RC76 SEI
100 ## - MAIN ENTRY--PERSONAL NAME
Personal name Ball, Jane W
Relator term Author
245 ## - TITLE STATEMENT
Title Seidel's guide to physical examination :
Remainder of title an interprofessional approach /
Statement of responsibility, etc. Jane W Ball, Joyce E Dains, John A Flynn, Barry S Solomon and Rosalyn W Stewart.
250 ## - EDITION STATEMENT
Edition statement Nineth edition.
260 ## - PUBLICATION, DISTRIBUTION, ETC.
Place of publication, distribution, etc. St. Louis, Missouri :
Name of publisher, distributor, etc. Elsevier,
Date of publication, distribution, etc. 2019.
300 ## - PHYSICAL DESCRIPTION
Extent xiii, 704 pages :
Other physical details Illustrations ;
Dimensions 29 cm.
336 ## - CONTENT TYPE
Source rdamedia
Content type term text
Content type code txt
337 ## - MEDIA TYPE
Source rdamedia
Media type term unmediated
Media type code n
338 ## - CARRIER TYPE
Source rdamedia
Carrier type term volume
Carrier type code nc
504 ## - BIBLIOGRAPHY, ETC. NOTE
Bibliography, etc. note Includes bibliographical references and index.
650 ## - SUBJECT ADDED ENTRY--TOPICAL TERM
Form subdivision Physical diagnosis.
650 ## - SUBJECT ADDED ENTRY--TOPICAL TERM
Form subdivision Medical history taking -- Methods.
650 ## - SUBJECT ADDED ENTRY--TOPICAL TERM
Form subdivision Physical examination -- methods.
650 ## - SUBJECT ADDED ENTRY--TOPICAL TERM
Form subdivision Medical history taking -- methods.
700 ## - ADDED ENTRY--PERSONAL NAME
Personal name Dains, Joyce E
Relator term Author
700 ## - ADDED ENTRY--PERSONAL NAME
Personal name Flynn, John A
Relator term Author
700 ## - ADDED ENTRY--PERSONAL NAME
Personal name Solomon, Barry S
Relator term Author
700 ## - ADDED ENTRY--PERSONAL NAME
Personal name Stewart, Rosalyn W
Relator term Author
942 ## - ADDED ENTRY ELEMENTS (KOHA)
Source of classification or shelving scheme Library of Congress Classification
Koha item type Ordinary Loan Books
Edition Nineth edition.
Classification part RC76 SEI
Call number prefix RC
Call number suffix SEI
Suppress in OPAC No
Holdings
Withdrawn status Lost status Source of classification or shelving scheme Damaged status Not for loan Collection Home library Current library Shelving location Date acquired Source of acquisition Cost, normal purchase price Total Checkouts Full call number Barcode Date last seen Accession number Cost, replacement price Price effective from Koha item type Public note
    LCC     NFIC MEDICAL MEDICAL GEN 02/17/2025 Book Aid International 66.00   RC76 SEI 92004056795 02/17/2025 62528 66.00 02/17/2025 BOOKS Donation
    LCC     NFIC MEDICAL MEDICAL GEN 03/03/2025 Book Aid International 66.00   RC76 SEI 92004055867 03/03/2025 62246 66.00 03/03/2025 BOOKS Donation
    LCC     NFIC MEDICAL MEDICAL GEN 04/08/2025 Book Aid International 60.00   RC76 SEI 92004054177 04/08/2025 62078 60.00 04/08/2025 BOOKS Donation
    LCC     NFIC MEDICAL MEDICAL GEN 04/16/2025 Book Aid International 64.00   RC76 SEI 92004057061 04/16/2025 62993 64.00 04/16/2025 BOOKS Donation